[Event "Crikvenica City-ch"]
[Site "Crikvenica"]
[Date "2022.02.12"]
[Round "1"]
[White "Kvaternik, Sinisa"]
[Black "Kvaternik, Vilim"]
[Result "1/2-1/2"]
[WhiteElo "1900"]
[BlackElo "1407"]
[PlyCount "44"]
[EventDate "2022.02.12"]
[EventType "swiss"]
[EventRounds "7"]
[EventCountry "CRO"]
[SourceTitle "CBM 207 Extra"]
[Source "ChessBase"]
[SourceDate "2022.05.31"]
[SourceVersion "1"]
[SourceVersionDate "2022.05.31"]
[SourceQuality "1"]

1. e4 e5 2. Nf3 Nc6 3. Bb5 a6 4. Bxc6 dxc6 5. 0-0 Bd6 6. d4 f6 7. h3 Ne7 8. dxe5 fxe5 9. Bg5 Be6 10. Nc3 Qd7 11. Kh2 h6 12. Bh4 Ng6 13. Bg3 0-0-0 14. Qe2 Rhf8 15. Rad1 Qf7 16. Qe3 b6 17. Ne2 Nf4 18. Nfg1 g5 19. f3 Qh5 20. Bxf4 gxf4 21. g4 fxg3+ 22. Nxg3 Qh4 1/2-1/2

[Event "CRO-chT3 West"]
[Site "Croatia"]
[Date "2020.10.24"]
[Round "7.4"]
[White "Kvaternik, Sinisa"]
[Black "Jovanovic, Tome"]
[Result "1-0"]
[WhiteElo "1856"]
[BlackElo "1557"]
[PlyCount "103"]
[EventDate "2020.09.12"]
[EventType "team-tourn"]
[EventRounds "9"]
[EventCountry "CRO"]
[SourceTitle "EXT 2022"]
[Source "ChessBase"]
[SourceDate "2021.10.06"]
[SourceVersion "1"]
[SourceVersionDate "2021.10.06"]
[SourceQuality "1"]
[WhiteTeam "Kraljevica"]
[BlackTeam "Novi V Zrinski Frankopan"]
[WhiteTeamCountry "CRO"]
[BlackTeamCountry "CRO"]

1. e4 c6 2. d4 g6 3. Nc3 Bg7 4. Bc4 e6 5. f4 Ne7 6. Nf3 0-0 7. Be3 f5 8. Qe2 d5 9. exd5 Nxd5 10. Nxd5 exd5 11. Bd3 Re8 12. 0-0-0 Qe7 13. Ne5 Nd7 14. h4 Nxe5 15. dxe5 h5 16. Qf2 Qe6 17. Kb1 b5 18. Bxa7 Re7 19. Bc5 Rd7 20. a3 Ra4 21. c3 Bh6 22. g3 Kf7 23. Bc2 Ra8 24. Bb3 Bf8 25. Rd2 Bxc5 26. Qxc5 Bb7 27. Rhd1 Qe7 28. Qxe7+ Kxe7 29. c4 bxc4 30. Bxc4 Ra4 31. Bb3 Re4 32. Bc2 Re3 33. Rd3 Re2 34. Ba4 Rc7 35. Rc1 c5 36. Rdc3 c4 37. Bb5 Rc5 38. a4 Rd2 39. b3 Bc6 40. bxc4 d4 41. Ra3 Be4+ 42. Ka1 Rg2 43. a5 d3 44. Rd1 Rxg3 45. a6 Rg2 46. a7 Rc8 47. c5 d2 48. c6 Bxc6 49. Bxc6 Rxc6 50. a8Q Rc1+ 51. Kb2 Rxd1 52. Qxg2 1-0

[Event "CRO-chT3 West"]
[Site "Croatia"]
[Date "2020.10.11"]
[Round "6.3"]
[White "Kvaternik, Sinisa"]
[Black "Derencinovic, Radoslav"]
[Result "1-0"]
[WhiteElo "1856"]
[BlackElo "1797"]
[PlyCount "103"]
[EventDate "2020.09.12"]
[EventType "team-tourn"]
[EventRounds "9"]
[EventCountry "CRO"]
[SourceTitle "EXT 2022"]
[Source "ChessBase"]
[SourceDate "2021.10.06"]
[SourceVersion "1"]
[SourceVersionDate "2021.10.06"]
[SourceQuality "1"]
[WhiteTeam "Kraljevica"]
[BlackTeam "Gospic"]
[WhiteTeamCountry "CRO"]
[BlackTeamCountry "CRO"]

1. e4 c5 2. c3 Nc6 3. d4 cxd4 4. cxd4 e6 5. Nc3 d5 6. exd5 exd5 7. Nf3 Bb4 8. g3 Bg4 9. Bg2 Qa5 10. Qd3 Nge7 11. 0-0 0-0 12. Bf4 Bf5 13. Qd2 Ng6 14. a3 Bxc3 15. bxc3 Nxf4 16. Qxf4 Be4 17. Rfc1 Rac8 18. Nd2 Bxg2 19. Kxg2 Ne7 20. Nb3 Qb5 21. Rab1 b6 22. Nd2 Qa6 23. Qd6 Rfe8 24. Re1 Qb7 25. Re3 Nf5 26. Rxe8+ Rxe8 27. Qf4 g6 28. Nf3 Re2 29. Re1 Rxe1 30. Nxe1 Qe7 31. Qb8+ Kg7 32. Qe5+ Qf6 33. Nd3 Qxe5 34. dxe5 f6 35. Kf3 fxe5 36. Nxe5 Nd6 37. a4 Ne4 38. c4 Nd2+ 39. Ke3 Nxc4+ 40. Nxc4 dxc4 41. Kd4 a6 42. Kxc4 Kf6 43. Kd5 b5 44. axb5 axb5 45. Kc5 g5 46. Kxb5 Ke5 47. Kc5 Ke4 48. Kd6 g4 49. Ke6 Kf3 50. Kf5 h6 51. Kg6 Kxf2 52. Kxh6 1-0

[Event "Rijeka Paris Memorial 38th"]
[Site "Rijeka"]
[Date "2017.11.11"]
[Round "9"]
[White "Kvaternik, Sinisa"]
[Black "Rajter, Emil"]
[Result "1/2-1/2"]
[WhiteElo "1859"]
[BlackElo "1891"]
[PlyCount "116"]
[EventDate "2017.11.04"]
[EventType "swiss"]
[EventRounds "9"]
[EventCountry "CRO"]
[SourceTitle "CBM 181 Extra"]
[Source "ChessBase"]
[SourceDate "2017.12.12"]
[SourceVersion "1"]
[SourceVersionDate "2017.12.12"]
[SourceQuality "1"]

1. d4 Nf6 2. c4 e6 3. Nc3 Bb4 4. a3 Bxc3+ 5. bxc3 b6 6. Bg5 Bb7 7. f3 d5 8. cxd5 exd5 9. e3 0-0 10. Bd3 Re8 11. Qd2 Qe7 12. Nh3 h6 13. Bxf6 Qxf6 14. 0-0 Qd6 15. Nf2 c5 16. Rfe1 Nc6 17. Bc2 Rad8 18. Qd3 g6 19. Qd2 Kg7 20. Ng4 h5 21. Nf2 Re7 22. a4 Rc8 23. Rad1 cxd4 24. exd4 Na5 25. Rxe7 Qxe7 26. Re1 Qa3 27. Nd1 Nc4 28. Qg5 Qd6 29. Qe7 Rc7 30. Qg5 Qf6 31. Qxf6+ Kxf6 32. Kf2 Bc6 33. Bb3 Na5 34. Bc2 b5 35. Nb2 bxa4 36. Bxa4 Rb7 37. Re2 Bxa4 38. Nxa4 Rb3 39. Rc2 Nc4 40. Ke2 Ke7 41. Kd3 Kd6 42. g4 hxg4 43. fxg4 Rb1 44. Ke2 Ra1 45. Nb2 Na3 46. Rd2 Rc1 47. Nd1 Nb1 48. Ra2 Nxc3+ 49. Nxc3 Rxc3 50. Rxa7 Ke6 51. Ra6+ Ke7 52. Ra5 Rc2+ 53. Ke3 Rxh2 54. Rxd5 Rh3+ 55. Kf4 Rh1 56. Kg5 Ke6 57. Re5+ Kd6 58. Ra5 Rf1 1/2-1/2

[Event "CRO-chT3 West"]
[Site "Croatia"]
[Date "2017.04.08"]
[Round "4.5"]
[White "Kovacic, Dragutin"]
[Black "Kvaternik, Sinisa"]
[Result "0-1"]
[WhiteElo "2006"]
[BlackElo "1882"]
[PlyCount "72"]
[EventDate "2017.03.25"]
[EventType "team-tourn"]
[EventRounds "9"]
[EventCountry "CRO"]
[SourceTitle "EXT 2019"]
[Source "ChessBase"]
[SourceDate "2018.10.10"]
[SourceVersion "1"]
[SourceVersionDate "2018.10.10"]
[SourceQuality "1"]

1. e4 e5 2. Nc3 Nf6 3. Bc4 Bc5 4. d3 h6 5. a3 Nc6 6. h3 Ne7 7. Nge2 c6 8. b4 Bb6 9. Bb3 d5 10. Ng3 0-0 11. 0-0 Ng6 12. Na4 Be6 13. Nxb6 axb6 14. Qe2 Qd7 15. Kh2 b5 16. exd5 Nxd5 17. Bxd5 Bxd5 18. c4 bxc4 19. dxc4 Be6 20. Bb2 f6 21. Nh5 Qf7 22. Rac1 Rfd8 23. c5 Rd7 24. Rfd1 Rad8 25. Rxd7 Qxd7 26. Bc3 Qd5 27. Rc2 Qd3 28. Rd2 Qxe2 29. Rxe2 Rd3 30. Re3 Rd1 31. f4 Rd5 32. g4 Bf7 33. fxe5 fxe5 34. Ng3 Nh4 35. Ne4 Rd1 36. Be1 Rxe1 0-1

[Event "CRO-chT2W"]
[Site "Croatia"]
[Date "2016.04.10"]
[Round "5.3"]
[White "Monjac, Mislav"]
[Black "Kvaternik, Sinisa"]
[Result "1-0"]
[WhiteElo "2225"]
[BlackElo "1848"]
[PlyCount "85"]
[EventDate "2016.03.05"]
[EventType "team-tourn"]
[EventRounds "9"]
[EventCountry "CRO"]
[SourceTitle "CBM 171 Extra"]
[Source "ChessBase"]
[SourceDate "2016.04.26"]
[SourceVersion "1"]
[SourceVersionDate "2016.04.26"]
[SourceQuality "1"]
[WhiteTeam "Krk"]
[BlackTeam "Kraljevica"]
[WhiteTeamCountry "CRO"]
[BlackTeamCountry "CRO"]

1. e4 e5 2. Bc4 Nf6 3. d3 Nc6 4. Nf3 Bc5 5. c3 0-0 6. Bb3 h6 7. Nbd2 d6 8. h3 Be6 9. Nf1 d5 10. Qe2 dxe4 11. dxe4 Bxb3 12. axb3 Qd7 13. Ng3 Rfd8 14. b4 Bd6 15. 0-0 a6 16. Be3 Qe6 17. b5 axb5 18. Qxb5 Rxa1 19. Rxa1 Qe8 20. b4 b6 21. Qc4 Ra8 22. Rd1 Rd8 23. Nf5 Be7 24. Ra1 Bf8 25. b5 Na5 26. Qxc7 Nxe4 27. Bxb6 Rc8 28. Qxe5 Qxe5 29. Nxe5 Nb3 30. Rb1 Rxc3 31. Be3 Bc5 32. b6 Bxe3 33. fxe3 Nec5 34. Nd6 Rxe3 35. b7 Nxb7 36. Nxb7 Rxe5 37. Rxb3 Re2 38. Nd6 f6 39. Nf5 g5 40. Nxh6+ Kg7 41. Nf5+ Kg6 42. g4 Re8 43. Rb7 1-0

[Event "Mediterranean op 8th"]
[Site "Rijeka"]
[Date "2015.12.12"]
[Round "9"]
[White "Kvaternik, Sinisa"]
[Black "Dasic, Jelena"]
[Result "0-1"]
[WhiteElo "1869"]
[BlackElo "1802"]
[PlyCount "64"]
[EventDate "2015.12.05"]
[EventType "swiss"]
[EventRounds "9"]
[EventCountry "CRO"]
[SourceTitle "CBM 169 Extra"]
[Source "ChessBase"]
[SourceDate "2015.12.18"]
[SourceVersion "1"]
[SourceVersionDate "2015.12.18"]
[SourceQuality "1"]

1. e4 c5 2. Nf3 e6 3. d4 cxd4 4. Nxd4 Nf6 5. Bd3 a6 6. 0-0 Qc7 7. Nc3 d6 8. Nce2 Be7 9. a4 b6 10. Bd2 Bb7 11. f3 Nbd7 12. c3 0-0 13. Be3 Rfe8 14. b4 Ne5 15. Bc2 Nc4 16. Bf2 Rad8 17. Qd3 Ne5 18. Qe3 Nc4 19. Qc1 d5 20. Bg3 Bd6 21. Bxd6 Qxd6 22. Ng3 Qc7 23. Re1 dxe4 24. Nxe4 Bxe4 25. Bxe4 Nxe4 26. Rxe4 e5 27. Nf5 g6 28. Rg4 Nd2 29. Ra2 Qd7 30. Ng3 Qd3 31. Ne4 Qe3+ 32. Nf2 Nxf3+ 0-1

[Event "Mediterranean op 8th"]
[Site "Rijeka"]
[Date "2015.12.05"]
[Round "1"]
[White "Stocko, Josip"]
[Black "Kvaternik, Sinisa"]
[Result "1-0"]
[WhiteElo "2304"]
[BlackElo "1869"]
[PlyCount "159"]
[EventDate "2015.12.05"]
[EventType "swiss"]
[EventRounds "9"]
[EventCountry "CRO"]
[SourceTitle "CBM 169 Extra"]
[Source "ChessBase"]
[SourceDate "2015.12.18"]
[SourceVersion "1"]
[SourceVersionDate "2015.12.18"]
[SourceQuality "1"]

1. e4 e5 2. Nf3 Nf6 3. Nxe5 d6 4. Nf3 Nxe4 5. Nc3 Nxc3 6. dxc3 Be7 7. Be3 Nc6 8. Qd2 a6 9. 0-0-0 Be6 10. Kb1 Qd7 11. h3 Bf6 12. Ng5 Bf5 13. g4 Bg6 14. Bg2 0-0-0 15. Ne4 Be7 16. f4 f5 17. Ng3 fxg4 18. hxg4 Kb8 19. g5 Rdf8 20. Ne2 Bd8 21. Nd4 Ne7 22. Rde1 Bf7 23. Bh3 Qa4 24. b3 Qa5 25. Kb2 Nd5 26. c4 Qxd2 27. Bxd2 Nb6 28. Nf5 Bxc4 29. bxc4 Nxc4+ 30. Kc3 Nxd2 31. Kxd2 g6 32. Nd4 Rxf4 33. Ne6 Ra4 34. Nxd8 Rxd8 35. Be6 Ra5 36. Reg1 Re8 37. Bb3 Ree5 38. Rxh7 Rxg5 39. Rb1 Rab5 40. Kc3 d5 41. Rd1 c6 42. a4 Rg3+ 43. Rd3 Rxd3+ 44. cxd3 Rc5+ 45. Kb4 Rc1 46. d4 g5 47. Rg7 b6 48. Rxg5 a5+ 49. Ka3 Kc7 50. Kb2 Rf1 51. Rg7+ Kb8 52. Bc2 Rf3 53. Rg5 Kc7 54. Rh5 Rg3 55. Bf5 Rg2+ 56. Kc3 Rg3+ 57. Bd3 Rf3 58. Rh7+ Kb8 59. Kd2 Rg3 60. Ba6 c5 61. Rb7+ Ka8 62. Rxb6 Ka7 63. Rd6 cxd4 64. Bb5 Kb7 65. Rxd5 Kb6 66. Rxd4 Kc5 67. Rc4+ Kd5 68. Rc8 Kd4 69. Rd8+ Kc5 70. Rc8+ Kb4 71. Rc4+ Kb3 72. Re4 Rg2+ 73. Kd3 Rg1 74. Kd4 Rc1 75. Kd5 Rc7 76. Bc6 Rg7 77. Kc5 Rg5+ 78. Kb6 Rg6 79. Re5 Kb4 80. Rb5+ 1-0

[Event "Mediterranean op 7th"]
[Site "Rijeka"]
[Date "2014.11.08"]
[Round "1"]
[White "Kvaternik, Sinisa"]
[Black "Muslija, Idris"]
[Result "0-1"]
[WhiteElo "1887"]
[BlackElo "2259"]
[PlyCount "69"]
[EventDate "2014.11.08"]
[EventType "swiss"]
[EventRounds "9"]
[EventCountry "CRO"]
[SourceTitle "CBM 163 Extra"]
[Source "ChessBase"]
[SourceDate "2014.12.23"]
[SourceVersion "1"]
[SourceVersionDate "2014.12.23"]
[SourceQuality "1"]

1. d4 Nf6 2. c4 e6 3. Nc3 d5 4. Nf3 a6 5. a4 b6 6. cxd5 exd5 7. g3 Bd6 8. Bg2 Bb7 9. Qb3 h6 10. 0-0 Nbd7 11. Nh4 0-0 12. Nxd5 Nxd5 13. Bxd5 Bxd5 14. Qxd5 Re8 15. Qc4 Nf6 16. Nf5 Qd7 17. Nxd6 cxd6 18. f3 b5 19. Qd3 bxa4 20. e4 Reb8 21. Qa3 Rb3 22. Qxa4 Qb7 23. Ra3 Rb4 24. Qd1 Qb6 25. Rd3 Rc8 26. Rf2 Rcc4 27. d5 Qb5 28. Rc2 Nd7 29. Rxc4 Rxc4 30. Rc3 Rb4 31. Qd3 Qb7 32. Rc6 Ne5 33. Qc3 Rb3 34. Qc2 Nxf3+ 35. Kg2 0-1

[Event "Rijeka Liburnija op"]
[Site "Rijeka"]
[Date "2012.12.04"]
[Round "6"]
[White "Jokic, Miljenko"]
[Black "Kvaternik, Sinisa"]
[Result "1-0"]
[WhiteElo "1839"]
[BlackElo "1952"]
[PlyCount "35"]
[EventDate "2012.11.30"]
[EventType "swiss"]
[EventRounds "9"]
[EventCountry "CRO"]
[SourceTitle "CBM 151 Extra"]
[Source "ChessBase"]
[SourceDate "2012.12.18"]
[SourceVersion "1"]
[SourceVersionDate "2012.12.18"]
[SourceQuality "1"]

1. e4 e5 2. Nf3 Nf6 3. d4 d6 4. Nc3 exd4 5. Nxd4 Be7 6. h3 b6 7. Bb5+ Bd7 8. Qf3 c5 9. Nf5 Bxb5 10. Nxb5 Na6 11. Nxg7+ Kd7 12. e5 dxe5 13. Qb7+ Nc7 14. Bf4 Bd6 15. 0-0-0 Qc8 16. Rxd6+ Ke7 17. Nf5+ Ke8 18. Qc6+ 1-0

[Event "Rijeka Liburnija op"]
[Site "Rijeka"]
[Date "2012.12.01"]
[Round "2"]
[White "Plenca, Julian"]
[Black "Kvaternik, Sinisa"]
[Result "1-0"]
[WhiteElo "2362"]
[BlackElo "1952"]
[PlyCount "63"]
[EventDate "2012.11.30"]
[EventType "swiss"]
[EventRounds "9"]
[EventCountry "CRO"]
[SourceTitle "CBM 151 Extra"]
[Source "ChessBase"]
[SourceDate "2012.12.18"]
[SourceVersion "1"]
[SourceVersionDate "2012.12.18"]
[SourceQuality "1"]

1. e4 e5 2. Bc4 Nf6 3. d4 Nc6 4. Nf3 Nxe4 5. dxe5 Nc5 6. 0-0 Be7 7. Nc3 0-0 8. Nd5 Ne6 9. c3 d6 10. Nxe7+ Qxe7 11. exd6 Qxd6 12. Qxd6 cxd6 13. Re1 h6 14. b4 Ne7 15. Bb3 d5 16. b5 Rd8 17. Ba3 Nf5 18. Rad1 d4 19. g4 Nd6 20. Nxd4 Ne8 21. f3 N8c7 22. Be7 Re8 23. Bb4 Rd8 24. Nxe6 Bxe6 25. c4 Ne8 26. Kf2 Rac8 27. Rxd8 Rxd8 28. Rc1 b6 29. Bd1 Rd4 30. Be2 Nd6 31. Ke3 Nxb5 32. a4 1-0

[Event "Kastav ZNG111 op 15th"]
[Site "Kastav"]
[Date "2012.09.08"]
[Round "2.2"]
[White "Jurotic, Nino"]
[Black "Kvaternik, Sinisa"]
[Result "1-0"]
[WhiteElo "1717"]
[BlackElo "1955"]
[PlyCount "55"]
[EventDate "2012.09.07"]
[EventType "swiss"]
[EventRounds "7"]
[EventCountry "CRO"]
[SourceTitle "EXT 2023"]
[Source "ChessBase"]
[SourceDate "2022.10.05"]
[SourceVersion "1"]
[SourceVersionDate "2022.10.05"]
[SourceQuality "1"]

1. d4 d5 2. c4 c6 3. cxd5 cxd5 4. Nc3 Nc6 5. Nf3 Nf6 6. e3 a6 7. h3 e6 8. a3 Bd6 9. Bd3 0-0 10. e4 dxe4 11. Nxe4 Be7 12. Be3 b5 13. Qc2 Bb7 14. Nxf6+ Bxf6 15. Bxh7+ Kh8 16. Be4 Rc8 17. Qd2 Na5 18. Bxb7 Nxb7 19. a4 Na5 20. Qd3 Nc4 21. b3 Nxe3 22. fxe3 Qa5+ 23. Qd2 Rc3 24. 0-0 b4 25. Rfc1 Rxb3 26. Rc5 Qb6 27. Qc2 Rxe3 28. Rh5+ 1-0

[Event "Kastav ZNG111 op 15th"]
[Site "Kastav"]
[Date "2012.09.08"]
[Round "3.4"]
[White "Kvaternik, Sinisa"]
[Black "Beric, Zeljko"]
[Result "1/2-1/2"]
[WhiteElo "1955"]
[BlackElo "1697"]
[PlyCount "81"]
[EventDate "2012.09.07"]
[EventType "swiss"]
[EventRounds "7"]
[EventCountry "CRO"]
[SourceTitle "EXT 2023"]
[Source "ChessBase"]
[SourceDate "2022.10.05"]
[SourceVersion "1"]
[SourceVersionDate "2022.10.05"]
[SourceQuality "1"]

1. d4 Nf6 2. c4 g6 3. Nc3 Bg7 4. e4 d6 5. f4 0-0 6. Nf3 c5 7. d5 e6 8. Be2 exd5 9. exd5 Re8 10. 0-0 Bg4 11. h3 Bd7 12. Qc2 Na6 13. a3 Nc7 14. b3 Nfxd5 15. cxd5 Rxe2 16. Bd2 Re8 17. Rad1 Bf5 18. Qc1 b5 19. Be1 Qf6 20. g4 Be4 21. Nxe4 Rxe4 22. Ng5 Re2 23. Bh4 Qb2 24. Qxb2 Bxb2 25. f5 h6 26. fxg6 hxg5 27. gxf7+ Kg7 28. Bxg5 Rf8 29. Bf4 Bd4+ 30. Kh1 Nxd5 31. Bxd6 Rxf7 32. Rxf7+ Kxf7 33. Bxc5 Bxc5 34. Rxd5 Bxa3 35. Rxb5 Re3 36. Kg2 Bd6 37. Rb7+ Ke6 38. Rxa7 Rg3+ 39. Kf2 Rxh3 40. Rb7 Rg3 41. Ke2 1/2-1/2

[Event "CRO-chT3 West"]
[Site "Croatia"]
[Date "2011.04.10"]
[Round "6.13"]
[White "Kvaternik, Sinisa"]
[Black "Levar, Nenad"]
[Result "0-1"]
[WhiteElo "2000"]
[BlackElo "2077"]
[PlyCount "146"]
[EventDate "2011.03.12"]
[EventType "team-tourn"]
[EventRounds "9"]
[EventCountry "CRO"]
[SourceTitle "EXT 2014"]
[Source "ChessBase"]
[SourceDate "2013.11.20"]
[SourceVersion "1"]
[SourceVersionDate "2013.11.20"]
[SourceQuality "1"]

1. d4 Nf6 2. c4 g6 3. Nf3 Bg7 4. Nc3 0-0 5. e4 d6 6. Be2 e5 7. dxe5 dxe5 8. Qxd8 Rxd8 9. Nxe5 Nxe4 10. Nxe4 Bxe5 11. 0-0 Nc6 12. Bg5 Rd4 13. f3 Bf5 14. Ng3 Be6 15. Rac1 Rd7 16. b3 Nd4 17. Rfe1 a5 18. Bf1 f6 19. Be3 f5 20. Bg5 Bg7 21. Ne2 c5 22. Nxd4 Bxd4+ 23. Be3 Kf7 24. Bxd4 Rxd4 25. Re5 b6 26. Rce1 Rd6 27. g3 a4 28. Bg2 Kf6 29. f4 Ra7 30. Bf3 axb3 31. axb3 Ra3 32. R5e3 Bf7 33. Rd1 Rxd1+ 34. Bxd1 Ra1 35. Rd3 b5 36. cxb5 c4 37. bxc4 Bxc4 38. Rd2 Bb3 39. b6 Bxd1 40. Kf2 Rb1 41. b7 Ba4 42. Rd4 Bc2 43. Rd7 h5 44. Rd6+ Kg7 45. Rd7+ Kh6 46. h4 Be4 47. Rd8 Rxb7 48. Rd6 Rb2+ 49. Ke3 Rb3+ 50. Kd4 Rd3+ 51. Ke5 Rxd6 52. Kxd6 Kg7 53. Ke7 Bc2 54. Ke6 Bb3+ 55. Ke7 Bc4 56. Kd7 Kf6 57. Kd6 Bb3 58. Kd7 Kf7 59. Kd6 Ke8 60. Kc7 Ke7 61. Kc6 Ke6 62. Kc5 Bd5 63. Kd4 Kd6 64. Kc3 Kc5 65. Kd3 Bc4+ 66. Ke3 Kd5 67. Kf2 Ke4 68. Kg2 Ke3 69. Kh2 Kf2 70. Kh3 Kg1 71. g4 fxg4+ 72. Kg3 Bd3 73. f5 Bxf5 0-1